000 00762nam a2200229 a 4500
005 20240912063840.0
008 120615s2007 mx r 000 0 spa d
020 _a9789875730991
035 _aUPN01000185160
049 _aI
050 4 _aPZ73
_bP4.3
100 1 _aPérez Sabbi, Mercedes
_935515
245 1 0 _aFlorinda no tiene coronita /
_cMercedes Pérez Sabbi ; il. de Sabina Alvarez Schürmann.
260 _aBuenos Aires :
_bSM,
_c2007.
300 _a115 p. :
_bil. col.
440 3 _aEl barco de vapor .
_pA partir de 7 años ;
_v5.A
650 4 _aCuentos infantiles argentinos
_97466
650 4 _aREYES Y GOBERNANTES -
_vLITERATURA INFANTIL
_911040
650 4 _aPRINCESAS -
_vLITERATURA INFANTIL
_911041
905 _aInfantil
999 _c157263
_d157263